000
00319nam a22001217a 4500
040
_c
SY
082
_a
571
100
_a
ហ៊ីង ធីតា
245
_a
រុក្ខជាតិចង្រៃសំខាន់នៅកម្ពុជា
260
_a
RUA
_b
ហ៊ីង
_c
2012
300
_a
203p.
942
_c
KB
999
_c
9308
_d
9308